| 000 | 00400nam a2200145 a 4500 | ||
|---|---|---|---|
| 001 | 000029323 | ||
| 005 | 20200930055458.0 | ||
| 008 | 110414s1928 dr 000 0 spa d | ||
| 040 |
_aDO-SdBNP _bspa _cBNPHU |
||
| 082 |
_axxxx _bI42 |
||
| 245 | 0 | 0 | _aIndustria Nacional Lechera. |
| 260 |
_aPuerto Plata, República Dominicana : _bLito. Lepervanche , _c1928. |
||
| 300 |
_a8 p. ; _c24 cm. |
||
| 049 | _aBNPU | ||
| 999 |
_c28815 _d28815 |
||